[Event "Europa ch Femenino 2013"]
[Site "Belgrado SER"]
[Date "2013.08.02"]
[Round "10.10"]
[White "Papp, Petra"]
[Black "Batsiashvili, Nino"]
[Result "0-1"]
[WhiteElo "2276"]
[BlackElo "2405"]
[PlyCount "82"]
[EventDate "2013.07.23"]
[EventType "swiss"]
[EventRounds "11"]
[EventCountry "SER"]
[Source "lmi"]
[SourceDate "2013.07.22"]

1. e4 c6 2. d4 d5 3. exd5 cxd5 4. c4 Nf6 5. Nc3 Nc6 6. Bg5 Be6 7. Be2 Qa5 8.
Nf3 Ne4 9. O-O Nxc3 10. bxc3 dxc4 11. Rb1 Bd5 12. Rxb7 Rc8 13. Rb1 e6 14. Bf4
Qxc3 15. Rc1 Qb4 16. Bd2 Qb5 17. Be3 Ba3 18. Rb1 Qa6 19. Qc2 O-O 20. Nd2 Nb4
21. Qc3 Nd3 22. Rfd1 Rb8 23. h3 Bd6 24. g3 Rxb1 25. Rxb1 f5 26. f4 Qxa2 27.
Bxd3 cxd3 28. Ra1 Qc2 29. Qa5 Rc8 30. Qb5 Bf8 31. Qd7 Rc7 32. Qe8 Qb2 33. Ra5
Rc1+ 34. Kf2 Rc2 35. Rxd5 Rxd2+ 36. Kf3 Rf2+ 37. Bxf2 Qe2+ 38. Kg2 Qe4+ 39. Kg1
d2 40. Qa4 Qb1+ 41. Kg2 exd5 0-1

[Event "Europa ch Femenino 2013"]
[Site "Belgrado SER"]
[Date "2013.08.02"]
[Round "10.11"]
[White "Styazhkina, Anna"]
[Black "Melamed, Tatjana"]
[Result "1/2-1/2"]
[WhiteElo "2242"]
[BlackElo "2384"]
[PlyCount "83"]
[EventDate "2013.07.23"]
[EventType "swiss"]
[EventRounds "11"]
[EventCountry "SER"]
[Source "lmi"]
[SourceDate "2013.07.22"]

1. e4 c5 2. Nf3 e6 3. c3 Nf6 4. e5 Nd5 5. d4 cxd4 6. cxd4 d6 7. Bc4 Nc6 8. O-O
Be7 9. Qe2 O-O 10. Rd1 Na5 11. Bd3 Nb4 12. exd6 Qxd6 13. Be4 f5 14. Bc2 b6 15.
Na3 Ba6 16. Qe1 Nxc2 17. Nxc2 Bb7 18. Ne5 Rac8 19. Qe2 Bf6 20. b4 Be4 21. Ne1
Qxb4 22. Nd7 Bxd4 23. Nxf8 Bxa1 24. Nxe6 Qc4 25. Qxc4 Nxc4 26. f3 Bc6 27. Nd3
Re8 28. Bf4 Bf6 29. Nc7 Re2 30. Rc1 Na5 31. Nb4 Bb7 32. Kf1 Rb2 33. Ncd5 Bd4
34. Rc7 h6 35. Ne7+ Kh7 36. Nxf5 Rxb4 37. Nxd4 Rxd4 38. Be5 Ba6+ 39. Ke1 Rd5
40. Rxg7+ Kh8 41. Rg5+ Kh7 42. Rg7+ 1/2-1/2

[Event "Europa ch Femenino 2013"]
[Site "Belgrado SER"]
[Date "2013.08.02"]
[Round "10.12"]
[White "Daulyte, Deimante"]
[Black "Pavlidou, Ekaterini"]
[Result "1-0"]
[WhiteElo "2363"]
[BlackElo "2210"]
[PlyCount "69"]
[EventDate "2013.07.23"]
[EventType "swiss"]
[EventRounds "11"]
[EventCountry "SER"]
[Source "lmi"]
[SourceDate "2013.07.22"]

1. e4 c5 2. Nc3 Nc6 3. Bb5 Nd4 4. Nf3 Nxb5 5. Nxb5 d6 6. d4 Nf6 7. O-O a6 8.
Nc3 cxd4 9. Qxd4 e5 10. Qd3 h6 11. Nd2 Be7 12. Nc4 b5 13. Ne3 Be6 14. Bd2 Rc8
15. a4 Bc4 16. Nxc4 bxc4 17. Qg3 g5 18. a5 Qd7 19. Rfd1 g4 20. Qe3 Rc5 21. b4
Rc8 22. Rdb1 h5 23. b5 h4 24. bxa6 g3 25. hxg3 Ng4 26. Qf3 hxg3 27. Be3 gxf2+
28. Bxf2 Nxf2 29. Kxf2 Rh4 30. Nd5 f5 31. Rb7 Qc6 32. Rxe7+ Kd8 33. Qxf5 Rf4+
34. Nxf4 Kxe7 35. Nd5+ 1-0

[Event "Europa ch Femenino 2013"]
[Site "Belgrado SER"]
[Date "2013.08.02"]
[Round "10.31"]
[White "Sandu, Mihaela"]
[Black "Gvetadze, Sofio"]
[Result "1/2-1/2"]
[WhiteElo "2237"]
[BlackElo "2341"]
[PlyCount "160"]
[EventDate "2013.07.23"]
[EventType "swiss"]
[EventRounds "11"]
[EventCountry "SER"]
[Source "lmi"]
[SourceDate "2013.07.22"]

1. e4 c5 2. Nf3 Nc6 3. d4 cxd4 4. Nxd4 e6 5. Nc3 d6 6. Be2 Nf6 7. O-O Be7 8.
Be3 O-O 9. Kh1 a6 10. a4 Qc7 11. f4 Re8 12. Bd3 Nb4 13. a5 Bf8 14. Nf3 e5 15.
fxe5 dxe5 16. Nh4 Bc5 17. Bxc5 Qxc5 18. Rxf6 gxf6 19. Qf3 Qe7 20. Rf1 Bd7 21.
Bc4 Rac8 22. Bd5 Be6 23. Nf5 Bxf5 24. Qxf5 Rxc3 25. bxc3 Nxd5 26. exd5 e4 27.
c4 e3 28. h3 h6 29. Qg4+ Kf8 30. Qf4 e2 31. Qxh6+ Kg8 32. Re1 Qb4 33. Qh4 f5
34. Qg3+ Kf8 35. Qf2 Qxc4 36. Qxf5 Qc3 37. Qf2 Qxc2 38. Kh2 Qd2 39. g3 Qxd5 40.
Rxe2 Rxe2 41. Qxe2 Qxa5 42. h4 b5 43. h5 Qb6 44. Qb2 Kg8 45. g4 b4 46. Qe5 b3
47. Qg5+ Kf8 48. h6 b2 49. Qg7+ Ke7 50. Qe5+ Kd7 51. Qf5+ Qe6 52. Qxe6+ Kxe6
53. h7 b1=Q 54. h8=Q Qc2+ 55. Kh3 Qc6 56. Qh6+ Kd7 57. Qd2+ Kc8 58. Qa2 Qf3+
59. Kh4 Qf6+ 60. g5 Qg6 61. Qc4+ Kd7 62. Qd5+ Ke7 63. Qb7+ Kf8 64. Kg4 Kg7 65.
Qb2+ Kg8 66. Qb8+ Kh7 67. Qh2+ Kg7 68. Qb2+ Kf8 69. Qb8+ Ke7 70. Qb7+ Kd8 71.
Qb8+ Kd7 72. Qb7+ Ke8 73. Qb8+ Ke7 74. Qb7+ Kf8 75. Qb8+ Kg7 76. Qb2+ f6 77.
Qxf6+ Qxf6 78. gxf6+ Kxf6 79. Kf4 a5 80. Ke3 a4 1/2-1/2

[Event "Europa ch Femenino 2013"]
[Site "Belgrado SER"]
[Date "2013.08.02"]
[Round "10.32"]
[White "Srebrnic, Ana"]
[Black "Rogule, Laura"]
[Result "1-0"]
[WhiteElo "2203"]
[BlackElo "2329"]
[PlyCount "77"]
[EventDate "2013.07.23"]
[EventType "swiss"]
[EventRounds "11"]
[EventCountry "SER"]
[Source "lmi"]
[SourceDate "2013.07.22"]

1. Nf3 d5 2. d4 Nf6 3. c4 e6 4. Nc3 c6 5. Bg5 h6 6. Bxf6 Qxf6 7. e3 Nd7 8. Bd3
Bd6 9. O-O Qe7 10. Qc2 O-O 11. a3 Re8 12. e4 dxe4 13. Nxe4 Bc7 14. c5 e5 15.
Rfe1 Qf8 16. Bc4 Qe7 17. dxe5 Nxe5 18. Nxe5 Bxe5 19. Nd6 Bxd6 20. Rxe7 Bxe7 21.
Re1 Be6 22. Bxe6 fxe6 23. Rxe6 Bxc5 24. Qc4 Rxe6 25. Qxe6+ Kh8 26. Kf1 Rd8 27.
Ke2 a5 28. f4 Bd6 29. Kf3 b5 30. g4 c5 31. h4 c4 32. g5 h5 33. Qg6 Kg8 34. f5
Bc5 35. f6 Rd3+ 36. Ke2 Re3+ 37. Kd2 Rd3+ 38. Kc2 Bf8 39. f7+ 1-0

[Event "Europa ch Femenino 2013"]
[Site "Belgrado SER"]
[Date "2013.08.02"]
[Round "10.33"]
[White "Charochkina, Daria"]
[Black "Olsarova, Tereza"]
[Result "1-0"]
[WhiteElo "2326"]
[BlackElo "2203"]
[PlyCount "57"]
[EventDate "2013.07.23"]
[EventType "swiss"]
[EventRounds "11"]
[EventCountry "SER"]
[Source "lmi"]
[SourceDate "2013.07.22"]

1. c4 e5 2. Nc3 Nf6 3. g3 d5 4. cxd5 Nxd5 5. Bg2 Nb6 6. e3 Be7 7. Nge2 Nc6 8.
O-O Bf5 9. f4 Bd3 10. fxe5 Nb4 11. Be4 O-O 12. b3 Nd7 13. e6 Nc5 14. exf7+ Rxf7
15. Rxf7 Nxe4 16. Rf4 Ng5 17. Qf1 Bd6 18. Ba3 Bxf4 19. exf4 Nc2 20. fxg5 Nxa3
21. Qf3 c6 22. Rf1 Bg6 23. Nf4 Qxg5 24. Ne4 Bxe4 25. Qxe4 Rd8 26. Qb4 Qh6 27.
Qxa3 Rxd2 28. h4 Qf6 29. Ne6 1-0

[Event "Europa ch Femenino 2013"]
[Site "Belgrado SER"]
[Date "2013.08.02"]
[Round "10.34"]
[White "Nikoladze, Sopio"]
[Black "Galojan, Lilit"]
[Result "0-1"]
[WhiteElo "2163"]
[BlackElo "2320"]
[PlyCount "48"]
[EventDate "2013.07.23"]
[EventType "swiss"]
[EventRounds "11"]
[EventCountry "SER"]
[Source "lmi"]
[SourceDate "2013.07.22"]

1. d4 Nf6 2. Nf3 b6 3. g3 Bb7 4. Bg2 c5 5. Bg5 e6 6. O-O Be7 7. c4 cxd4 8. Nxd4
Bxg2 9. Kxg2 Qc8 10. Qa4 O-O 11. Nd2 h6 12. Bf4 d6 13. Nb5 Qb7+ 14. f3 Rd8 15.
e4 a6 16. Nc3 Nbd7 17. Rad1 Rdc8 18. a3 Rab8 19. Qc2 b5 20. cxb5 axb5 21. b4 e5
22. Be3 d5 23. exd5 Nxd5 24. Bc5 Rxc5 0-1

[Event "Europa ch Femenino 2013"]
[Site "Belgrado SER"]
[Date "2013.08.02"]
[Round "10.35"]
[White "Vega Gutierrez, Belinda"]
[Black "Sedina, Elena"]
[Result "1/2-1/2"]
[WhiteElo "2148"]
[BlackElo "2313"]
[PlyCount "185"]
[EventDate "2013.07.23"]
[EventType "swiss"]
[EventRounds "11"]
[EventCountry "SER"]
[Source "lmi"]
[SourceDate "2013.07.22"]

1. e4 e6 2. d4 d5 3. Nd2 a6 4. Ngf3 c5 5. dxc5 Bxc5 6. Bd3 Nc6 7. c3 Nge7 8.
O-O O-O 9. e5 Ng6 10. Nb3 Ba7 11. Nbd4 Ncxe5 12. Nxe5 Nxe5 13. Bxh7+ Kxh7 14.
Qh5+ Kg8 15. Qxe5 f6 16. Qg3 e5 17. Ne2 Qe7 18. Be3 Bb8 19. Rfe1 Bd6 20. Rad1
Be6 21. f4 b5 22. a3 a5 23. f5 Bxf5 24. Rxd5 b4 25. axb4 axb4 26. Red1 Ra6 27.
cxb4 Bxb4 28. Nc3 Be6 29. R5d2 Bxc3 30. bxc3 Rc6 31. Bf2 Rfc8 32. Rd3 Bf5 33.
Re3 Rd6 34. Rxd6 Qxd6 35. h4 Rc4 36. Qf3 Rf4 37. Qe2 Bg4 38. Qd3 Qc6 39. Qd2
Ra4 40. Re1 Ra8 41. Qc2 Rc8 42. Re3 Qe6 43. Qe4 Rc4 44. Qb7 Kh7 45. Qb5 Rc7 46.
Be1 Bh5 47. Bf2 Qg4 48. Qd3+ Bg6 49. Qd5 Rd7 50. Qf3 Rd1+ 51. Kh2 Qxf3 52. Rxf3
Be4 53. Re3 Bd5 54. Re2 Rc1 55. Be1 Kg6 56. Kh3 Ra1 57. Bf2 Ra4 58. Rd2 Be6+
59. Kh2 Rc4 60. Rd6 Kf7 61. Be1 f5 62. Ra6 Re4 63. Bf2 Re2 64. Kg1 Rc2 65. Ra5
Kf6 66. Bb6 Rc1+ 67. Kh2 f4 68. Bc7 Re1 69. Rc5 g6 70. Bb8 Kf5 71. c4 Re4 72.
Kg1 Bxc4 73. Bxe5 Re1+ 74. Kh2 Rxe5 75. Rxc4 Re2 76. Kh3 Re3+ 77. Kh2 Kg4 78.
Rc6 Kf5 79. Rc5+ Kf6 80. Rc4 Kf5 81. Rc5+ Re5 82. Rc6 Ra5 83. Rb6 Ra2 84. Kh3
Ra3+ 85. Kh2 Rg3 86. Ra6 Ke4 87. Ra4+ Ke5 88. Ra6 Kf5 89. Rb6 Re3 90. Rc6 Re1
91. Rb6 Re6 92. Rxe6 Kxe6 93. g4 1/2-1/2

[Event "Europa ch Femenino 2013"]
[Site "Belgrado SER"]
[Date "2013.08.02"]
[Round "10.36"]
[White "Korchagina, Viktoria"]
[Black "Ivakhinova, Inna"]
[Result "0-1"]
[WhiteElo "2068"]
[BlackElo "2291"]
[PlyCount "74"]
[EventDate "2013.07.23"]
[EventType "swiss"]
[EventRounds "11"]
[EventCountry "SER"]
[Source "lmi"]
[SourceDate "2013.07.22"]

1. e4 c5 2. Nf3 d6 3. d4 cxd4 4. Nxd4 Nf6 5. Nc3 a6 6. Be3 e5 7. Nb3 Be7 8. f3
Be6 9. Qd2 O-O 10. O-O-O Nbd7 11. g4 b5 12. g5 b4 13. Ne2 Ne8 14. f4 a5 15. f5
Bxb3 16. cxb3 a4 17. bxa4 Rxa4 18. Kb1 Rxa2 19. Nc1 Ra8 20. Nb3 Qb8 21. Bc4 Nb6
22. Bxb6 Qxb6 23. Rhf1 Kh8 24. Bd5 Ra7 25. Rg1 Qa6 26. Qxb4 Nc7 27. f6 Nxd5 28.
Rxd5 Qa2+ 29. Kc2 Rc7+ 30. Kd3 gxf6 31. gxf6 Bxf6 32. Na5 Be7 33. Qd2 Rb8 34.
Qh6 Rg8 35. Rxg8+ Kxg8 36. Ke3 Qxb2 37. Rd3 Rc3 0-1

[Event "Europa ch Femenino 2013"]
[Site "Belgrado SER"]
[Date "2013.08.02"]
[Round "10.37"]
[White "Bulmaga, Irina"]
[Black "Stetsko, Lanita"]
[Result "1/2-1/2"]
[WhiteElo "2403"]
[BlackElo "2209"]
[PlyCount "158"]
[EventDate "2013.07.23"]
[EventType "swiss"]
[EventRounds "11"]
[EventCountry "SER"]
[Source "lmi"]
[SourceDate "2013.07.22"]

1. e4 e5 2. Nf3 Nc6 3. Bc4 Bc5 4. c3 Nf6 5. d3 a6 6. O-O Ba7 7. Bb3 d6 8. Re1
O-O 9. h3 h6 10. Nbd2 Be6 11. Bc2 Re8 12. Nf1 d5 13. Qe2 Qd7 14. Nh4 Rad8 15.
Qf3 Nh7 16. Ng3 Bc5 17. Nhf5 Bf8 18. h4 Ne7 19. h5 dxe4 20. dxe4 Nxf5 21. Nxf5
Bxf5 22. exf5 Nf6 23. Be3 Qd5 24. Qh3 Bc5 25. Rad1 Qc6 26. Rxd8 Rxd8 27. Bb3
Rd3 28. Bc2 Rd8 29. Qg3 Bxe3 30. Qxe3 Nxh5 31. Qxe5 Nf6 32. Qf4 Re8 33. Rd1 Re2
34. Bb3 Qe8 35. Kh2 Kh7 36. f3 Rxb2 37. Qxc7 Qe2 38. Qg3 Qe7 39. Re1 Qd7 40.
Qf4 Nh5 41. Qe4 Qd6+ 42. f4 Qxf4+ 43. Qxf4 Nxf4 44. Kg3 g5 45. fxg6+ Nxg6 46.
Bxf7 Kg7 47. Bb3 h5 48. Re6 Rd2 49. Rb6 Rd3+ 50. Kf2 Rxc3 51. Rxb7+ Kh6 52. Rb6
Kg5 53. Rxa6 Nf4 54. Ra5+ Kf6 55. Ra6+ Kg5 56. g3 Nd3+ 57. Kg2 Nc5 58. Rc6 h4
59. gxh4+ Kxh4 60. Rb6 Nxb3 61. axb3 Kg4 62. Kf2 Kf4 63. Ke2 Ke5 64. Kd2 Rh3
65. Kc2 Kd5 66. Kb2 Kc5 67. Rb8 Kc6 68. Ka3 Kc7 69. Rg8 Kb6 70. Ka4 Rh1 71.
Rg6+ Kc7 72. b4 Rh5 73. b5 Rh4+ 74. Ka5 Rh5 75. Rg7+ Kb8 76. Ka6 Rh6+ 77. b6
Rh8 78. Rb7+ Ka8 79. Rg7 Kb8 1/2-1/2

[Event "Europa ch Femenino 2013"]
[Site "Belgrado SER"]
[Date "2013.08.02"]
[Round "10.38"]
[White "Eric, Jovana"]
[Black "Vega Gutierrez, Sabrina"]
[Result "0-1"]
[WhiteElo "2223"]
[BlackElo "2402"]
[PlyCount "80"]
[EventDate "2013.07.23"]
[EventType "swiss"]
[EventRounds "11"]
[EventCountry "SER"]
[Source "lmi"]
[SourceDate "2013.07.22"]

1. e4 c5 2. Nf3 Nc6 3. Nc3 Nf6 4. Bb5 g6 5. e5 Ng4 6. Bxc6 dxc6 7. h3 Nh6 8. g4
Bg7 9. d3 O-O 10. Bf4 f6 11. Qe2 Nf7 12. O-O-O fxe5 13. Be3 Qa5 14. Kb1 Be6 15.
Nd2 b6 16. Nde4 Nd6 17. Ng5 Bd7 18. Bd2 Qa6 19. f4 exf4 20. Qxe7 Qb7 21. Qxd6
Rf6 22. Qe5 Re8 23. Ne6 Bxe6 24. Qg5 h6 25. Qh4 g5 26. Qf2 Bd5 27. Nxd5 cxd5
28. h4 Rfe6 29. hxg5 hxg5 30. Qf3 Qd7 31. Rh5 Qd8 32. Rdh1 b5 33. Qh3 Qf6 34.
c3 Re2 35. Bc1 b4 36. Qf3 Qe5 37. Bxf4 Qxf4 38. Qxd5+ R2e6 39. Rxg5 bxc3 40.
bxc3 Qd2 0-1

[Event "Europa ch Femenino 2013"]
[Site "Belgrado SER"]
[Date "2013.08.02"]
[Round "10.39"]
[White "Foisor, Cristina-Adela"]
[Black "Makropoulou, Marina"]
[Result "1/2-1/2"]
[WhiteElo "2387"]
[BlackElo "2220"]
[PlyCount "53"]
[EventDate "2013.07.23"]
[EventType "swiss"]
[EventRounds "11"]
[EventCountry "SER"]
[Source "lmi"]
[SourceDate "2013.07.22"]

1. e4 e5 2. Nf3 Nc6 3. Bb5 a6 4. Ba4 Nf6 5. O-O b5 6. Bb3 Bc5 7. c3 d6 8. a4
Rb8 9. d4 Bb6 10. axb5 axb5 11. Qd3 O-O 12. Bg5 exd4 13. cxd4 h6 14. Bh4 g5 15.
e5 gxh4 16. Qg6+ Kh8 17. Qxh6+ Nh7 18. Bc2 f5 19. exf6 Rf7 20. Ng5 Qxf6 21.
Nxf7+ Qxf7 22. Bxh7 Qxh7 23. Qf8+ Qg8 24. Qh6+ Qh7 25. Qf8+ Qg8 26. Qh6+ Qh7
27. Qf8+ 1/2-1/2

[Event "Europa ch Femenino 2013"]
[Site "Belgrado SER"]
[Date "2013.08.02"]
[Round "10.40"]
[White "Shadrina, Tatiana"]
[Black "Drljevic, Ljilja"]
[Result "1-0"]
[WhiteElo "2377"]
[BlackElo "2187"]
[PlyCount "65"]
[EventDate "2013.07.23"]
[EventType "swiss"]
[EventRounds "11"]
[EventCountry "SER"]
[Source "lmi"]
[SourceDate "2013.07.22"]

1. e4 d6 2. d4 Nf6 3. Nc3 g6 4. Be3 Bg7 5. f3 c6 6. Qd2 b5 7. Bd3 Nbd7 8. Bh6
O-O 9. Nge2 a6 10. Bxg7 Kxg7 11. a4 Bb7 12. O-O e5 13. dxe5 dxe5 14. Nd1 c5 15.
b3 Nb6 16. c4 bxc4 17. bxc4 Nxc4 18. Qc3 Nd2 19. Qxd2 c4 20. Nf2 cxd3 21. Nxd3
a5 22. Qe3 Qe7 23. Qc5 Rfe8 24. Qxe7 Rxe7 25. Nc5 Bc6 26. Rfc1 Be8 27. Kf2 Nd7
28. Ke3 f6 29. Nxd7 Rxd7 30. Rc5 Rb7 31. Nc3 Bd7 32. Rd1 Rc8 33. Rxd7+ 1-0

[Event "Europa ch Femenino 2013"]
[Site "Belgrado SER"]
[Date "2013.08.02"]
[Round "10.41"]
[White "Kazimova, Narmin"]
[Black "Kursova, Maria"]
[Result "0-1"]
[WhiteElo "2208"]
[BlackElo "2351"]
[PlyCount "94"]
[EventDate "2013.07.23"]
[EventType "swiss"]
[EventRounds "11"]
[EventCountry "SER"]
[Source "lmi"]
[SourceDate "2013.07.22"]

1. d4 Nf6 2. c4 e6 3. Nf3 b6 4. g3 Ba6 5. Qc2 Bb7 6. Bg2 c5 7. d5 exd5 8. cxd5
Nxd5 9. Qb3 Nc7 10. Ne5 d5 11. Nc3 Be7 12. Qa4+ Kf8 13. O-O Bf6 14. Nd3 Bc6 15.
Qc2 Nba6 16. a3 Qe8 17. Nf4 Rd8 18. Rb1 h5 19. h4 Kg8 20. Rd1 Bxc3 21. Qxc3 d4
22. Qc2 Bxg2 23. Kxg2 Rh6 24. Kg1 Ne6 25. Nd3 Rf6 26. b4 Rc8 27. b5 Nac7 28.
Qc4 Rf5 29. e4 dxe3 30. Bxe3 Nd5 31. Re1 Qd8 32. Rbd1 Nxe3 33. fxe3 Rd5 34. Nf2
Rxd1 35. Rxd1 Qf6 36. Qd5 Rd8 37. Qxh5 Rxd1+ 38. Qxd1 Qe5 39. Qf3 c4 40. a4 c3
41. Nd3 Qd6 42. Ne1 Qd2 43. Qf2 Nc5 44. Nc2 g6 45. Kf1 Qd1+ 46. Ne1 Nd3 47. Qe2
c2 0-1

[Event "Europa ch Femenino 2013"]
[Site "Belgrado SER"]
[Date "2013.08.02"]
[Round "10.42"]
[White "Baraeva, Irina"]
[Black "Molchanova, Tatjana"]
[Result "0-1"]
[WhiteElo "2171"]
[BlackElo "2296"]
[PlyCount "108"]
[EventDate "2013.07.23"]
[EventType "swiss"]
[EventRounds "11"]
[EventCountry "SER"]
[Source "lmi"]
[SourceDate "2013.07.22"]

1. d4 d5 2. Nf3 Nf6 3. c4 e6 4. Nc3 dxc4 5. e3 a6 6. Bxc4 b5 7. Bb3 Bb7 8. O-O
Nbd7 9. Qe2 c5 10. Rd1 Qb8 11. d5 exd5 12. Bxd5 b4 13. Bxb7 Qxb7 14. Na4 Be7
15. b3 Rc8 16. Bb2 O-O 17. Rac1 Ne4 18. Nd2 Nxd2 19. Rxd2 Nb6 20. Nxb6 Qxb6 21.
Rd7 Bf6 22. Bxf6 Qxf6 23. Rd5 Rfd8 24. Rxd8+ Rxd8 25. g3 Qc6 26. Qc4 g6 27. e4
Rd2 28. Kg2 Rxa2 29. Rd1 Rb2 30. Rd5 Kg7 31. Qd3 a5 32. Qc4 Qf6 33. Qxc5 Rxb3
34. e5 Qf3+ 35. Kh3 Qf5+ 36. Kg2 Qe4+ 37. Kh3 Rf3 38. Rd8 Kh6 39. Rh8 g5 40.
Rd8 Kh5 41. Qd4 Qxd4 42. Rxd4 Rxf2 43. g4+ Kg6 44. Rd6+ Kg7 45. Rb6 Rb2 46. Rb7
Kf8 47. Ra7 Ra2 48. Rb7 Ra3+ 49. Kg2 b3 50. Kf3 a4 51. Ke4 Ra1 52. Kf5 h6 53.
Ke4 Re1+ 54. Kd4 a3 0-1

[Event "Europa ch Femenino 2013"]
[Site "Belgrado SER"]
[Date "2013.08.02"]
[Round "10.43"]
[White "Cherednichenko, Elena"]
[Black "Rakic, Marija"]
[Result "0-1"]
[WhiteElo "2167"]
[BlackElo "2294"]
[PlyCount "74"]
[EventDate "2013.07.23"]
[EventType "swiss"]
[EventRounds "11"]
[EventCountry "SER"]
[Source "lmi"]
[SourceDate "2013.07.22"]

1. d4 Nf6 2. Nf3 g6 3. Nc3 Bg7 4. e4 d6 5. Be3 Ng4 6. Bg5 h6 7. Bh4 c5 8. h3
cxd4 9. Nd5 g5 10. hxg4 Bxg4 11. Bg3 Nc6 12. c3 e6 13. Nb4 dxc3 14. Nxc6 bxc6
15. Qxd6 cxb2 16. Qxc6+ Kf8 17. Rb1 Qa5+ 18. Ke2 Rd8 19. Bd6+ Kg8 20. Ke3 Bxf3
21. gxf3 Be5 22. Bd3 Rxd6 23. Qc2 Qxa2 24. Ke2 Qa3 25. f4 Bxf4 26. e5 Bxe5 27.
Rh3 Kg7 28. f4 Bxf4 29. Rxb2 Rc8 30. Qb3 Qc5 31. Be4 Qe5 32. Qb7 Rc4 33. Rb4
Rd2+ 34. Kf3 Qc3+ 35. Kg4 Qxh3+ 36. Kxh3 Rc3+ 37. Bf3 Rh2+ 0-1

[Event "Europa ch Femenino 2013"]
[Site "Belgrado SER"]
[Date "2013.08.02"]
[Round "10.44"]
[White "Zakurdjaeva, Irina"]
[Black "Folkova, Martina"]
[Result "1-0"]
[WhiteElo "2291"]
[BlackElo "2189"]
[PlyCount "69"]
[EventDate "2013.07.23"]
[EventType "swiss"]
[EventRounds "11"]
[EventCountry "SER"]
[Source "lmi"]
[SourceDate "2013.07.22"]

1. e4 e5 2. Nf3 Nc6 3. Bb5 a6 4. Ba4 Nf6 5. O-O Be7 6. Re1 b5 7. Bb3 d6 8. c3
O-O 9. h3 Na5 10. Bc2 c5 11. d4 Nd7 12. Nbd2 exd4 13. cxd4 Nc6 14. Nf1 cxd4 15.
Nxd4 Nde5 16. Nxc6 Nxc6 17. Bf4 Re8 18. Rc1 Bb7 19. Bb3 Ne5 20. Bxe5 dxe5 21.
Qh5 g6 22. Bxf7+ Kg7 23. Qxe5+ Kxf7 24. Rc7 Bc8 25. Ne3 Be6 26. Nf5 Bxf5 27.
exf5 Rc8 28. Qe6+ Kf8 29. Rd7 Qa5 30. Re3 Qb4 31. fxg6 Rc1+ 32. Kh2 Qf4+ 33.
Rg3 hxg6 34. Qxg6 Qf7 35. Qh6+ 1-0

[Event "Europa ch Femenino 2013"]
[Site "Belgrado SER"]
[Date "2013.08.02"]
[Round "10.45"]
[White "Berke, Ana"]
[Black "Mamedjarova, Zeinab"]
[Result "1/2-1/2"]
[WhiteElo "2145"]
[BlackElo "2256"]
[PlyCount "88"]
[EventDate "2013.07.23"]
[EventType "swiss"]
[EventRounds "11"]
[EventCountry "SER"]
[Source "lmi"]
[SourceDate "2013.07.22"]

1. e4 e5 2. Nf3 d6 3. d4 exd4 4. Nxd4 Nf6 5. Nc3 Be7 6. Bc4 O-O 7. O-O Nbd7 8.
Bf4 Re8 9. Re1 Bf8 10. Qd2 c6 11. Rad1 Ne5 12. Bxe5 dxe5 13. Nf3 Qxd2 14. Rxd2
h6 15. Nh4 Bb4 16. Rd3 a5 17. a3 Bc5 18. h3 a4 19. Nf5 b5 20. Ba2 Bxf5 21. exf5
e4 22. Rdd1 b4 23. axb4 Bxb4 24. Re3 h5 25. Bc4 Bxc3 26. Rxc3 Reb8 27. b3 a3
28. Ra1 Ra5 29. f3 h4 30. Re3 exf3 31. Rxf3 Ne4 32. Rf4 Ng3 33. Bd3 Rba8 34.
Ra2 Re8 35. Rxh4 Ne2+ 36. Bxe2 Rxe2 37. Rf4 Kf8 38. f6 gxf6 39. Rxf6 Re1+ 40.
Rf1 Re2 41. Rf2 Re1+ 42. Rf1 Re2 43. Rf2 Re1+ 44. Rf1 Re2 1/2-1/2

[Event "Europa ch Femenino 2013"]
[Site "Belgrado SER"]
[Date "2013.08.02"]
[Round "10.46"]
[White "Novkovic, Julia"]
[Black "Umudova, Nargiz"]
[Result "0-1"]
[WhiteElo "2102"]
[BlackElo "2253"]
[PlyCount "134"]
[EventDate "2013.07.23"]
[EventType "swiss"]
[EventRounds "11"]
[EventCountry "SER"]
[Source "lmi"]
[SourceDate "2013.07.22"]

1. e4 c5 2. Nf3 Nc6 3. Nc3 g6 4. d4 cxd4 5. Nxd4 Bg7 6. Be3 Nf6 7. Bc4 O-O 8.
Bb3 d6 9. h3 Na5 10. O-O a6 11. Re1 b5 12. Bg5 Bb7 13. Qd3 Re8 14. Rad1 Rc8 15.
Bc1 Nxb3 16. Nxb3 Nd7 17. f4 Nb6 18. Ne2 Nc4 19. c3 Qb6+ 20. Kh1 b4 21. Ned4
bxc3 22. bxc3 a5 23. Nf3 Rc7 24. Nbd4 e5 25. fxe5 dxe5 26. Ne2 Ba6 27. Ng3 Bb5
28. Qc2 Qc6 29. Rd3 h6 30. Nh4 Qf6 31. Nf3 Nb6 32. Rd2 Rec8 33. Rf2 Rxc3 34.
Qb2 Qc6 35. Be3 Na4 36. Qd2 Qc7 37. Qd5 Bc4 38. Qd2 Bd3 39. Qd1 Bb5 40. Qd5 Bc4
41. Qd1 Qc6 42. Rd2 Qe8 43. Kh2 Be6 44. Nh1 R3c4 45. Nf2 Nc3 46. Qa1 Nxe4 47.
Nxe4 Rxe4 48. Bb6 Rxe1 49. Qxe1 Qb5 50. Bf2 Bc4 51. Be3 e4 52. Nd4 Qe5+ 53. g3
Bd3 54. Qf2 a4 55. h4 Rc4 56. Ne2 g5 57. Kg2 Qd5 58. g4 Qe6 59. hxg5 Qxg4+ 60.
Ng3 hxg5 61. Kh2 Be5 62. Qe1 Bc3 63. Qf2 Bxd2 64. Bxd2 Rc2 65. Nf5 Qf4+ 66.
Qxf4 gxf4 67. a3 e3 0-1

[Event "Europa ch Femenino 2013"]
[Site "Belgrado SER"]
[Date "2013.08.02"]
[Round "10.47"]
[White "Bronnikova, Elizaveta"]
[Black "Zarkovic, Mila"]
[Result "0-1"]
[WhiteElo "2245"]
[BlackElo "2070"]
[PlyCount "126"]
[EventDate "2013.07.23"]
[EventType "swiss"]
[EventRounds "11"]
[EventCountry "SER"]
[Source "lmi"]
[SourceDate "2013.07.22"]

1. e4 c5 2. Nf3 e6 3. d4 cxd4 4. Nxd4 a6 5. Bd3 Nf6 6. O-O d6 7. Qe2 Qc7 8. b3
Be7 9. Bb2 O-O 10. Nd2 Nbd7 11. f4 Nc5 12. Kh1 b5 13. N4f3 Nfd7 14. Rac1 Bb7
15. c4 Nxd3 16. Qxd3 b4 17. Qd4 Bf6 18. e5 dxe5 19. fxe5 Be7 20. Ne4 Bxe4 21.
Qxe4 Nc5 22. Qe3 Rad8 23. Nd4 h6 24. Rce1 Qb7 25. Qg3 Rd7 26. Rf3 Rfd8 27. Qg4
Bf8 28. h4 Kh7 29. h5 Kg8 30. Ba1 Be7 31. Rf6 Rxd4 32. Bxd4 Rxd4 33. Qxd4 gxf6
34. exf6 Bf8 35. Re5 Nd7 36. Re3 Qc7 37. Rd3 Ne5 38. Rg3+ Kh8 39. Qf4 Qd6 40.
Kh2 Nd7 41. Qf3 Qe5 42. Qe3 Qxf6 43. Rg4 Qf5 44. Qd4+ e5 45. Qe4 Qxe4 46. Rxe4
f5 47. Re1 Kg7 48. Rd1 Nc5 49. Rd8 e4 50. g3 Kf7 51. Kg2 Be7 52. Rb8 Ne6 53.
Rb6 a5 54. Rb5 Nd4 55. Rd5 Bf6 56. Rxa5 e3 57. c5 e2 58. Kf2 f4 59. Ra7+ Ke6
60. Ra6+ Ke7 61. Ra7+ Kd8 62. Ra8+ Kc7 63. Re8 f3 0-1

[Event "Europa ch Femenino 2013"]
[Site "Belgrado SER"]
[Date "2013.08.02"]
[Round "10.48"]
[White "Martynkova, Olena"]
[Black "Dolzhikova, Olga"]
[Result "1/2-1/2"]
[WhiteElo "1851"]
[BlackElo "2244"]
[PlyCount "149"]
[EventDate "2013.07.23"]
[EventType "swiss"]
[EventRounds "11"]
[EventCountry "SER"]
[Source "lmi"]
[SourceDate "2013.07.22"]

1. d4 Nf6 2. c4 e6 3. g3 d5 4. Nf3 Be7 5. Bg2 O-O 6. O-O dxc4 7. Qc2 a6 8. a4
Bd7 9. Qxc4 Bc6 10. Bg5 b5 11. Qd3 Nbd7 12. Rc1 Be4 13. Qe3 b4 14. Nbd2 Bd5 15.
Qd3 Bb7 16. Ne5 Bxg2 17. Kxg2 Nxe5 18. dxe5 Nd5 19. Bxe7 Nxe7 20. Qxd8 Rfxd8
21. Nf3 c6 22. a5 Rab8 23. Rc4 Rb5 24. Nd4 Rxe5 25. Nxc6 Nxc6 26. Rxc6 Rxe2 27.
Rd1 Rf8 28. b3 g6 29. Rxa6 Rc8 30. Rb6 Rcc2 31. Rf1 Ra2 32. Rxb4 Rxa5 33. Kf3
Rb2 34. Rb8+ Kg7 35. b4 Ra3+ 36. Ke4 Rab3 37. Kd4 Rxb4+ 38. Rxb4 Rxb4+ 39. Ke3
g5 40. Kf3 h5 41. h3 Kf6 42. Ra1 h4 43. g4 Rb5 44. Ra7 Rb6 45. Ra5 Kg6 46. Kg2
f5 47. gxf5+ exf5 48. Ra8 Kf6 49. Kf3 Rb3+ 50. Kg2 Rd3 51. Rg8 Rd4 52. Kf3 Rd3+
53. Kg2 Rd1 54. Kh2 Rd7 55. Kg2 Rg7 56. Ra8 Rd7 57. Rg8 Rd3 58. Kh2 Rd4 59. Kg2
Rd1 60. Kh2 Rd2 61. Kg2 Rc2 62. Ra8 Rd2 63. Rg8 Rd3 64. Kh2 Rd4 65. Kg2 g4 66.
Rf8+ Kg5 67. hxg4 fxg4 68. Rg8+ Kf6 69. Rh8 h3+ 70. Kg3 Kg7 71. Rh4 Kg6 72. f3
Kg5 73. Rxg4+ Rxg4+ 74. fxg4 h2 75. Kxh2 1/2-1/2